000 00801nam a2200241 i 4500
001 64922
003 ES-MaACL
005 20230906165244.0
007 t|
008 040107s1977 xxu ||||1| eng d
020 _a8-8240-9888-9
100 1 _aFoster, David William.
_951902
245 1 0 _aManual of hispanic bibliography /
_ccompiled by David William Foster, Virginia Ramos Foster.
250 _a2nd ed. rev. and expanded.
260 _aNew York ;
_aLondon :
_bGarland,
_c1977.
300 _aXIII, 329 p. ;
_c23 cm.
490 1 _aGarland reference library of the humanities ;
_v85
500 _aIndices.
700 1 _aRamos Foster, Virginia.
_995314
830 0 _aGarland reference library of the humanities ;
_v85
_9182051
852 _aES-MaACL
_jL-10053
_bR.112339
999 _c64922
_d64922